00921nam a22002177a 450000100060000000300080000600500170001400800410003103500190007204000350009104100080012608200250013410000280015924501990018726000800038630000390046650200860050550400340059165000410062570000370066681363BD-RjUL20230509185746.0230509s2019 bg a|||| m||| 00| 0 eng d a(BD-RjUL)81363 aBD-RjULbengcBD-RjULdBD-RjUL aeng 223a633.34bISI 2019 aIslam, Mohammad. Nazrul10aImprovement of somatic and gametic embryogenesis for enhancement of abiotic stress tolerance in soybean [ Glycine Max (L) Merr,] /cBy Mohammad. Nazrul Islam ;6Supervisor S. M. Shahinul Islam : aRajshahi :bInstitute of Biological Sciences, University of Rajshahi,c2019 axvii, 190 leaves :bill, ;c29.cm. aThesis (Ph. D.) -- Institute of Biological Sciences, University of Rajshahi, 2019 aReferences : Leaves 149 - 190 aSoybeansvField and plantation crops aShahinul, Islam,S. M. Supervisor